000 00496cam a22001931 4500
001 ne 66000903
003 DLC
005 20260227111823.0
008 950414s1957 xx c 000 0 arao
010 _ane 66000903
035 _a(OCoLC)32314900
040 _aDLC
_cCU
_dCU
_dDLC
050 0 0 _aDT269.T8
_bK5
100 1 _aKhumayrī, al-Ṭāhir.
245 1 0 _aMukāfaḥat al-thaqāfah.
260 _c[1957]
300 _a86 p.
_bport.
_c18 cm.
651 0 _aTunis (Tunisia)
_xIntellectual life.
999 _c48882
_d48882